Quizzes
Events
Quiz Creation
Community
Videos
Private Events
Remove Ads
Sign In
Join for FREE
Feedback
Dark Mode
Quiz Categories
Sports
Geography
Music
Movies
Television
Just For Fun
Miscellaneous
History
Literature
Language
Science
Gaming
Entertainment
Religion
Holiday
For Kids
Quiz Lab
Recent
Popular Today
Quiz Kudos Today
Editor Picks
Curator Picks
Quizzes by...
Day
Popularity
Type
Ratings
Length
Year
Community
Subscriptions
Recent Discussions
Orange Saloon
Badges
Playlists
Quests
Create
Leaderboards
Showdown
Live 5
Trivia Bingo
Activity
Puzzle Library
Sporcle Events
Private Events
Virtual Trivia
Globe League
Become a Host
Pub Owners
SporcleCon
Opinionation
Our Games
Videos
Blog
Mobile Apps
Partnerships
Remove Ads and Go Orange
Feedback
Language
Vocabulary
Begins and Ends
Definition
Spanish
French
German
Italian
Chinese
Latin
Translation
Japanese
Language
Vocabulary
Begins and Ends
Definition
Spanish
French
German
Italian
Chinese
Latin
Translation
Japanese
Random Quiz
Search Sporcle
×
Quiz Lab
Quiz Lab
Language
German
Select answers by clicking on text or image buttons
Select answers by clicking on text or image buttons
Clickable
Best Score? Go Orange.
German words (clickable) Stats
Can you pick the right German translation for the given words?
By
Platonicus
5m
20 Questions
561 Plays
561 Plays
561 Plays
Comments
Comments
Give Quiz Kudos
Give Quiz Kudos
-
- Ratings
hide this ad
Forced Order
Answers have to be entered in order
Answers have to be entered in order
Replay
Link that replays current quiz
Next Quiz
Link to next quiz in quiz playlist
You Got
0%
They Got
Avg Score
68%
Avg Friend Score
Upgrade to see
Score Distribution
Jump to the score distribution portion of the page
Score
0/20
Timer
05:00
0
Plays Today
% Correct
Kaputt
86.8%
Frühstück
85.2%
Bahnhof
84.7%
Gesundheit
82.4%
Erdbeere
82.2%
Angst
81.6%
Schadenfreude
76.3%
Schmetterling
75.9%
Hoffnung
68.3%
Heimat
66.5%
% Correct
Zukunft
64.5%
Werkzeug
63.8%
Augenblick
62.6%
Feierabend
60.4%
Quatsch
57.2%
Überraschung
57%
Erfindung
56.7%
Imbiss
53.3%
Sehnsucht
50.8%
Tollpatsch
46%
Quiz Playlist
Details
Report
Send in Message
Add To Playlist
Clickable:
Select answers by clicking on text or image buttons
Forced Order:
Answers have to be entered in order
Last Updated: Mar 7, 2017
Quiz Scoreboard
CHALLENGE
Sign Up to Join the Scoreboard
Show All
Scores
Hide
Comments
May contain spoilers
Recently Published
Alphabetical 'K' Countries by Flag Minefield
by ylime102
Geography
3m
Pick 6: Fruits
by JohnFran
Miscellaneous
15s
Click the 1999 NBA Draft
by nibperrychub
Sports
2m
More to Explore
Quiz From the Vault
Featured Blog Post
15 Basketball Trivia Facts You Can Be March Mad About
hide this ad
You Might Also Like...
Tags
German Quiz
Translation Quiz
English
Today's Top Quizzes in Language
Browse Language
hide this ad
Today's Top Quizzes in German
Browse German
Top Contributed Quizzes in Language
1
Spring or Fall
2
Spanish Seasons
3
Name the 4 Seasons in English
4
Multilingual Seasons
5
Seasonal Rhymes
6
Spring or Fall?
7
Guess the Word in 3 Words
8
Quick Pick: Seasons in Esperanto
9
Hiragana Speed Reading
10
Quick Pick: Prefixes for Spring
Explore More
Trending Topics
Harry Potter
NBA
Anime
Crossword
Disney
Marvel
Kpop
Country
WWE
NFL
Song
Soccer
The Office
Puzzle
Pokémon
hide this ad
More By:
Platonicus
Quiz
Plays
Rating
Category
Featured
Created
Famous Ancient Greeks
63,415
4.70
History
Jul 15, 2013
Famous Ancient Romans
29,991
4.62
History
Aug 5, 2013
People Who Witnessed 1492
27,664
4.54
History
Jan 30, 2014
German numbers 1-20 (clickable minefield)
11,895
4.57
Language
Aug 5, 2012
German Geography Bunker
6,734
3.95
Geography
May 7, 2014
Go to Creator's Profile
Score Distribution
Quiz Creator Spotlight
Platonicus
Follow
Send a Message
Quizzes Created
-
Created Quiz Play Count
-
More By This Creator
Popular Quizzes Today
1
Countries of Asia Without Outlines Minefield
2
Find the US States - No Outlines Minefield
3
Pick 6: Fruits
4
Alphabetical 'K' Countries by Flag Minefield
5
The Countries of the World
6
Find the US States
7
US States
8
Match the Book to the Film X
More Language Quizzes
Missing First Letter - AIM Words
Quiz Lab
Trending Quizzes
Pick 6: Mountains
Pick 6: Harry Potter
Pick 6: NFL Teams
Pick 6: Movie Franchises
Pick 6: Golfers
Recently Updated
NWSL Teams
pecheneg
Women's Final Four Teams by Year
bhenderson79
Presidents Quartet II
eogle
Anything But Clue(do)
eogle
Anything But Oceanian Capitals
eogle
Anything But 7
eogle
Anything But Thing
eogle
Word Ladder: February 29
pecheneg
Song Title Questions
pecheneg
Women's NCAA Tournament #1 Seeds
pecheneg
Trending Topics
Kpop
Disney
NBA
Marvel
Crossword
Anime
Harry Potter
Soccer
WWE
Country
Song
NFL
Pokémon
The Office
Puzzle
Your Account Isn't Verified!
In order to create a playlist on Sporcle, you need to verify the email address you used during registration. Go to your
Sporcle Settings
to finish the process.
Report this User
Report this user for behavior that violates our
Community Guidelines
.
Details:
Send Report
Go to the Sporcle.com Mobile Site →
Comments